[Event "Pardubice Czech op-B 28th"]
[Site "Pardubice"]
[Date "2017.07.21"]
[Round "1"]
[White "Bukhteeva, Viktoria"]
[Black "Levinsky, Gregory"]
[Result "1-0"]
[WhiteElo "2220"]
[BlackElo "1926"]
[PlyCount "51"]
[EventDate "2017.07.21"]
[EventType "swiss"]
[EventRounds "9"]
[EventCountry "CZE"]
[SourceTitle "CBM 179 Extra"]
[Source "ChessBase"]
[SourceDate "2017.08.23"]
[SourceVersion "1"]
[SourceVersionDate "2017.08.23"]
[SourceQuality "1"]

1. e4 d5 2. exd5 Qxd5 3. Nc3 Qa5 4. d4 Nf6 5. Nf3 Ne4 6. Bd3 Nxc3 7. bxc3 Bg4 8. 0-0 Qd5 9. Be2 Nc6 10. c4 Qe4 11. Be3 0-0-0 12. c3 e5 13. Qa4 exd4 14. cxd4 Bd6 15. Nd2 Qg6 16. Bxg4+ Qxg4 17. d5 Nd4 18. h3 Qh4 19. Qxa7 Ne2+ 20. Kh1 Rhe8 21. Qa8+ Kd7 22. Qa4+ Kc8 23. Nf3 Qe4 24. Rfe1 Ng3+ 25. fxg3 Qg6 26. c5 1-0

[Event "EU-ch Seniors 65 14th"]
[Site "Porto"]
[Date "2014.03.16"]
[Round "8"]
[White "Henrichsen, Erland"]
[Black "Levinsky, Gregory"]
[Result "1/2-1/2"]
[WhiteElo "1959"]
[BlackElo "1997"]
[PlyCount "42"]
[EventDate "2014.03.09"]
[EventType "swiss"]
[EventRounds "9"]
[EventCountry "POR"]
[SourceTitle "CBM 159 Extra"]
[Source "ChessBase"]
[SourceDate "2014.04.24"]
[SourceVersion "1"]
[SourceVersionDate "2014.04.24"]
[SourceQuality "1"]

1. d4 d5 2. Nf3 e6 3. e3 c6 4. Bd3 f5 5. 0-0 Bd6 6. b3 Qf6 7. Bb2 Nd7 8. Re1 g5 9. g3 h5 10. h4 gxh4 11. Nxh4 Ne7 12. Nd2 Nf8 13. f4 Nfg6 14. Ndf3 Bd7 15. Kf2 0-0-0 16. a4 Rdg8 17. Rg1 Be8 18. Rg2 Rg7 19. Qd2 Nxh4 20. Nxh4 Rhg8 21. Rh1 Rh8 1/2-1/2

[Event "EU-ch Seniors 13th"]
[Site "Plovdiv"]
[Date "2013.03.16"]
[Round "6"]
[White "Hohler, Peter"]
[Black "Levinsky, Gregory"]
[Result "1/2-1/2"]
[WhiteElo "2213"]
[BlackElo "2018"]
[PlyCount "34"]
[EventDate "2013.03.11"]
[EventType "swiss"]
[EventRounds "9"]
[EventCountry "BUL"]
[SourceTitle "CBM 153 Extra"]
[Source "ChessBase"]
[SourceDate "2013.04.22"]
[SourceVersion "1"]
[SourceVersionDate "2013.04.22"]
[SourceQuality "1"]

1. d4 Nf6 2. c4 d6 3. Nc3 e5 4. Nf3 Nbd7 5. Bg5 Be7 6. e3 c6 7. Qc2 0-0 8. Be2 Re8 9. 0-0 Qc7 10. b4 Bf8 11. dxe5 dxe5 12. Na4 b6 13. c5 bxc5 14. bxc5 Qa5 15. Rfc1 Ba6 16. Bxa6 Qxa6 17. Rab1 Be7 1/2-1/2

[Event "EU-ch Seniors 13th"]
[Site "Plovdiv"]
[Date "2013.03.13"]
[Round "3"]
[White "Levinsky, Gregory"]
[Black "Fystro, Odd Ivar"]
[Result "1-0"]
[WhiteElo "2018"]
[BlackElo "1673"]
[PlyCount "41"]
[EventDate "2013.03.11"]
[EventType "swiss"]
[EventRounds "9"]
[EventCountry "BUL"]
[SourceTitle "CBM 153 Extra"]
[Source "ChessBase"]
[SourceDate "2013.04.22"]
[SourceVersion "1"]
[SourceVersionDate "2013.04.22"]
[SourceQuality "1"]

1. e4 c5 2. d4 cxd4 3. c3 d5 4. exd5 Qxd5 5. cxd4 e6 6. Nf3 Nf6 7. Bd3 Be7 8. 0-0 0-0 9. Nc3 Qd8 10. Qe2 Bd7 11. Rd1 Bc6 12. Ne5 Bd5 13. Bg5 Nbd7 14. Bb5 Nb6 15. a4 a6 16. Bd3 Rc8 17. a5 Nbd7 18. Qc2 h6 19. Bh4 Ne8 20. Bxe7 Qxe7 21. Nxd5 1-0

[Event "EU-ch Seniors 11th"]
[Site "Courmayeur"]
[Date "2011.04.10"]
[Round "5"]
[White "Levinsky, Gregory"]
[Black "Renzini, Lorenzo"]
[Result "1-0"]
[WhiteElo "2026"]
[BlackElo "1747"]
[PlyCount "41"]
[EventDate "2011.04.06"]
[EventType "swiss"]
[EventRounds "9"]
[EventCountry "ITA"]
[SourceTitle "CBM 141 Extra"]
[Source "ChessBase"]
[SourceDate "2011.05.03"]
[SourceVersion "1"]
[SourceVersionDate "2011.05.03"]
[SourceQuality "1"]

1. e4 c5 2. d4 cxd4 3. c3 Nf6 4. e5 Nd5 5. Nf3 e6 6. Bc4 Nb6 7. Bb3 dxc3 8. Nxc3 d5 9. Bg5 Be7 10. Bf4 Nc6 11. 0-0 a6 12. Qe2 Bd7 13. Rfd1 Na5 14. Bc2 Rc8 15. Rac1 0-0 16. Nd4 Bg5 17. Qg4 Bxf4 18. Qxf4 Nac4 19. Rd3 Qc7 20. Rh3 g6 21. Qh6 1-0